000 00656nam a22001937a 4500
999 _c5317
_d5317
003 OSt
005 20210927100631.0
008 161007b xxu||||| |||| 00| 0 eng d
020 _a9781849711531
040 _cDDC,
082 _a551.6CL1 2011
100 _a Fujikura,Ryo ; Kawanish,Masato;
_911155
245 _aClimate Change adaptation and International Development.
_bMaking Development Cooperation more Effective.
_cEdited by Fujikura,Ryo ; Kawanish,Masato;
260 _aWashington;
_bEarth scan,
_c2011;
300 _axxiv,373p;
_bill;
_c24cm.
504 _aIncludes; References and index.
650 _aClimate changes
_911156
942 _2ddc
_cO_SHELF